Diseño y construcción de una base móvil para el sistema rastreador de satélites STS-16 del Centro de Investigaciones Geofísicas
Sparad:
| Huvudupphovsman: | |
|---|---|
| Övriga upphovsmän: | |
| Materialtyp: | Bok |
| Publicerad: |
San José, Costa Rica
1993
|
| Ämnen: | |
| Taggar: |
Lägg till en tagg
Inga taggar, Lägg till första taggen!
|
MARC
| LEADER | 00000nam a2200000Ia 4500 | ||
|---|---|---|---|
| 003 | 006004 | ||
| 005 | 20221231144317.0 | ||
| 008 | 140114s1993 cr a m 000 ||s d | ||
| 040 | |c cru CEDI | ||
| 090 | |a TFG 2709 | ||
| 100 | |a Villalobos Vindas, Oscar Luis |9 12121 | ||
| 245 | |a Diseño y construcción de una base móvil para el sistema rastreador de satélites STS-16 del Centro de Investigaciones Geofísicas | ||
| 260 | |c 1993 |a San José, Costa Rica | ||
| 300 | |a xii, 220 hojas : ilustraciones (algunas a color) ; 28 cm. | ||
| 500 | |a Tesis (licenciatura en ingeniería mecánica)--Universidad de Costa Rica. Facultad de Ingeniería. Escuela de Ingeniería Mecánica | ||
| 650 | |x SATELITES ARTIFICIALES EN METEOROLOGIA |x COORDENADAS |9 12123 | ||
| 700 | |9 12122 |a Mata Abdelnour, Alex | ||
| 942 | |c TFG | ||
| 999 | |c 19953 |d 19953 | ||
